MARC details
| 000 -LEADER |
| fixed length control field |
01748cam a22004575i 4500 |
| 001 - CONTROL NUMBER |
| control field |
ocn148662904 |
| 003 - CONTROL NUMBER IDENTIFIER |
| control field |
EG-ScBUE |
| 005 - DATE AND TIME OF LATEST TRANSACTION |
| control field |
20230104095343.0 |
| 006 - FIXED-LENGTH DATA ELEMENTS--ADDITIONAL MATERIAL CHARACTERISTICS--GENERAL INFORMATION |
| fixed length control field |
m||||fq||h 00| 0 |
| 008 - FIXED-LENGTH DATA ELEMENTS--GENERAL INFORMATION |
| fixed length control field |
070302t2006 ne a f 000 0 eng d |
| 020 ## - INTERNATIONAL STANDARD BOOK NUMBER |
| International Standard Book Number |
9789057680274 |
| 020 ## - INTERNATIONAL STANDARD BOOK NUMBER |
| International Standard Book Number |
9057680270 |
| 040 ## - CATALOGING SOURCE |
| Original cataloging agency |
BTCTA |
| Language of cataloging |
eng |
| Description conventions |
rda |
| Transcribing agency |
BTCTA |
| Modifying agency |
BAKER |
| -- |
SINLB |
| -- |
YDXCP |
| -- |
NLGGC |
| -- |
UVV |
| -- |
IUL |
| -- |
EG-ScBUE |
| 041 0# - LANGUAGE CODE |
| Language code of text/sound track or separate title |
eng |
| -- |
ger |
| -- |
fre |
| -- |
spa |
| -- |
ita |
| -- |
por |
| -- |
rus |
| -- |
jpn |
| -- |
chi |
| 082 04 - DEWEY DECIMAL CLASSIFICATION NUMBER |
| Edition number |
22 |
| Classification number |
745.4 |
| Item number |
MED |
| 245 00 - TITLE STATEMENT |
| Title |
Medieval patterns of the romanesque period = |
| Remainder of title |
Motivos del periodo románico = Modelli del periodo romanico = Padroes do periodo romanico = Motifs de la periode romane = Muster aus der romanik ... |
| 246 31 - VARYING FORM OF TITLE |
| Title proper/short title |
Motivos del periodo románico |
| 246 31 - VARYING FORM OF TITLE |
| Title proper/short title |
Modelli del periodo romanico |
| 246 31 - VARYING FORM OF TITLE |
| Title proper/short title |
Padroes do periodo romanico |
| 246 31 - VARYING FORM OF TITLE |
| Title proper/short title |
Motifs de la periode romane |
| 246 31 - VARYING FORM OF TITLE |
| Title proper/short title |
Muster aus der romanik |
| 264 #1 - PUBLICATION, DISTRIBUTION, ETC. (IMPRINT) |
| Place of publication, distribution, etc |
Amsterdam : |
| Name of publisher, distributor, etc |
Pepin Press, |
| Date of publication, distribution, etc |
[2006] |
| 264 #4 - PUBLICATION, DISTRIBUTION, ETC. (IMPRINT) |
| Date of publication, distribution, etc |
c2006 |
| 300 ## - PHYSICAL DESCRIPTION |
| Extent |
117 pages : |
| Other physical details |
illustrations ; |
| Dimensions |
22 cm. + |
| Accompanying material |
1 CD |
| 336 ## - CONTENT TYPE |
| Source |
rdacontent |
| Content type term |
sounds |
| Content type code |
snd |
| 336 ## - CONTENT TYPE |
| Source |
rdacontent |
| Content type term |
text |
| Content type code |
txt |
| 337 ## - MEDIA TYPE |
| Source |
rdamedia |
| Media type term |
audio |
| Media type code |
s |
| 337 ## - MEDIA TYPE |
| Source |
rdamedia |
| Media type term |
unmediated |
| Media type code |
n |
| 338 ## - CARRIER TYPE |
| Source |
rdacarrier |
| Carrier type term |
computer disc |
| Carrier type code |
cd |
| 338 ## - CARRIER TYPE |
| Source |
rdacarrier |
| Carrier type term |
volume |
| Carrier type code |
nc |
| 490 0# - SERIES STATEMENT |
| Series statement |
Agile rabbit editions |
| 500 ## - GENERAL NOTE |
| General note |
Parallel title also in Russian and Japanese. |
| 546 ## - LANGUAGE NOTE |
| Language note |
Text in English, German, French, Spanish, Italian, Portugese, Russian, Japanese and Chinese. |
| 650 #7 - SUBJECT ADDED ENTRY--TOPICAL TERM |
| Topical term or geographic name as entry element |
Repetitive patterns (Decorative arts) |
| Source of heading or term |
BUEsh |
| 650 #7 - SUBJECT ADDED ENTRY--TOPICAL TERM |
| Topical term or geographic name as entry element |
Decoration and ornament, Medieval. |
| Source of heading or term |
BUEsh |
| 650 #7 - SUBJECT ADDED ENTRY--TOPICAL TERM |
| Topical term or geographic name as entry element |
Decoration and ornament, Romanesque. |
| Source of heading or term |
BUEsh |
| 651 ## - SUBJECT ADDED ENTRY--GEOGRAPHIC NAME |
| Source of heading or term |
BUEsh |
| 653 ## - INDEX TERM--UNCONTROLLED |
| Resource For college |
Communication and mass media |
| Arrived date list |
November2017 |
| 655 ## - INDEX TERM--GENRE/FORM |
| Form subdivision |
Reading book |
| 942 ## - ADDED ENTRY ELEMENTS (KOHA) |
| Source of classification or shelving scheme |
Dewey Decimal Classification |
| Koha item type |
Book - Borrowing |